000 01081nam0a22002771 4500
001 rc\70586
005 20250620170659.0
010 _a5-06-002089-4
_99000
035 _a(NLR Aleph) 005343460
090 _a6718664
_c6718664
100 _a20021216d1991 |||y0rusy50 ca
101 0 _arus
102 _aRU
105 _aa |||||||||
200 1 _aСтроительство и ремонт асфальтобетонных дорожных покрытий
_e[Учеб. для проф. обучения рабочих на пр-ве]
205 _a2-е изд.,перераб. и доп.
210 _aМ.
_cВысш. школа
_d1991
215 _a175, [1] с.
_cил.
_d20
300 _aЗагл. 1-го изд.: Строительство асфальтобетонных дорожных покрытий
700 1 _aЕфремов
_bЛ.Г.
_gЛеонид Григорьевич
701 1 _aСуханов
_bС.В.
_gСергей Валентинович
801 0 _aRU
_bNLR
_gpsbo
801 1 _aRU
_bELAR
_2rusmarc
852 _aNLR
_j91-3/10174
942 _cBOOK
980 _aNB